| 000 | 00424nam a22001697a 4500 | ||
|---|---|---|---|
| 003 | NUST - PNEC | ||
| 005 | 20170116181135.0 | ||
| 008 | 151007b xxu||||| |||| 00| 0 eng d | ||
| 020 | _a- | ||
| 040 | _cLIBRARY | ||
| 082 | _a915 ZAB | ||
| 100 |
_914271 _aZabiullah Bilkan |
||
| 245 |
_aKoh-e-Kaaf ki wadiyon mein _bZabiullah Bilkan |
||
| 260 |
_aLahore: _c2012 |
||
| 650 |
_914274 _aTraveling _xGeneral |
||
| 942 |
_2ddc _cBK |
||
| 999 |
_c70213 _d70213 |
||